| 000 -LEADER |
| fixed length control field |
00676cam a2200205 i 4500 |
| 001 - CONTROL NUMBER |
| control field |
20352202 |
| 005 - DATE AND TIME OF LATEST TRANSACTION |
| control field |
20221108133203.0 |
| 008 - FIXED-LENGTH DATA ELEMENTS--GENERAL INFORMATION |
| fixed length control field |
170801s2019 enka 000 0 eng |
| 020 ## - INTERNATIONAL STANDARD BOOK NUMBER |
| International Standard Book Number |
9780141986357x |
| 080 ## - UNIVERSAL DECIMAL CLASSIFICATION NUMBER |
| Universal Decimal Classification number |
327.2(4) M-17 |
| 100 1# - MAIN ENTRY--PERSONAL NAME |
| Personal name |
Maçães, Bruno |
| 9 (RLIN) |
9883 |
| 245 14 - TITLE STATEMENT |
| Title |
The dawn Of Eurasia : |
| Remainder of title |
on the trail of the new world order / |
| Statement of responsibility, etc. |
Bruno Maçães. |
| 264 #1 - PRODUCTION, PUBLICATION, DISTRIBUTION, MANUFACTURE, AND COPYRIGHT NOTICE |
| Place of production, publication, distribution, manufacture |
[London] : |
| Name of producer, publisher, distributor, manufacturer |
Allen Lane, |
| Date of production, publication, distribution, manufacture, or copyright notice |
2018. |
| 300 ## - PHYSICAL DESCRIPTION |
| Extent |
293 p. : |
| Other physical details |
illustrations ; |
| Dimensions |
25 cm. |
| 653 ## - INDEX TERM--UNCONTROLLED |
| keyword |
პოლიტიკა |
| 653 ## - INDEX TERM--UNCONTROLLED |
| keyword |
პოლიტიკა და მთავრობა |
| 653 ## - INDEX TERM--UNCONTROLLED |
| keyword |
ევრაზია |
| 653 ## - INDEX TERM--UNCONTROLLED |
| keyword |
გეოპოლიტიკა |
| 942 ## - ADDED ENTRY ELEMENTS (KOHA) |
| Source of classification or shelving scheme |
|
| Koha item type |
წიგნი |